| 000 | 01896nam a2200469 c 4500 | ||
|---|---|---|---|
| 999 |
_c55452 _d55452 |
||
| 003 | BLK | ||
| 005 | 20241003135148.0 | ||
| 008 | 180408b bul|||||r ||||||| ||bul|| | ||
| 010 | _aKNG00059420000 | ||
| 020 | _a954-8307-55-3 | ||
| 040 | _aBLK | ||
| 041 |
_aBUL _cBUL |
||
| 072 | 7 |
_2bullib _aРА _xРусенски автори |
|
| 072 | 7 |
_2bullib _aК _xКраезнание |
|
| 080 |
_aБългарска литература _b821.163.2 _x-94 _z821.163.2-94 |
||
| 080 |
_aВиолончелисти изпълнители _b787.3.071.2 _x(497.2)(092)(093.3) _z787.3.071.2(497.2)(092)(093.3) |
||
| 080 |
_aБългарски виолончелист, русенец _b929 Николов, Венцеслав Михайлов _z929 Николов, Венцеслав Михайлов |
||
| 100 | 1 |
_aНиколов, Венцеслав Михайлов _d1943- _9102597 |
|
| 139 |
_aНиколов, Венцеслав Михайлов _bН 74 |
||
| 245 | 1 | 0 |
_aПътуване с Venzicello _cВенцеслав Михайлов Николов. |
| 257 | _aBGR | ||
| 260 |
_bЗвездан _c2005 |
||
| 300 |
_a276 с. _c19 см |
||
| 380 | _aX | ||
| 500 | _aСъдържа и за авт. | ||
| 600 | 1 | 4 |
_aНиколов, Венцеслав Михайлов _d1943- _9102597 |
| 650 | 4 |
_aВиолончелисти, български _9150747 |
|
| 650 | 4 |
_aНиколов, Венцеслав Михайлов _9369155 |
|
| 653 | _aвиолончело | ||
| 653 | _aВенцеслав Николов | ||
| 653 | _aвиолончелисти | ||
| 653 | _aспомени | ||
| 659 | _aК | ||
| 852 | _aЦб 227301 | ||
| 852 | _aК 821.163.2/Н 74 В | ||
| 856 | 4 | _qpdf | |
| 856 | 4 | _qpdf | |
| 942 |
_cKNG _n0 _s1 |
||
| 944 |
_aCR _c10.05.2006 _lГеновева Генчева _k30560 |
||
| 944 |
_aED _c04.05.2015 _lф / _kЛюдмила_Стоянова |
||
| 999 | _d55452 | ||